Statystyki dla Województwa, przez które przepływa Wisła

Kliknij tutaj aby rozwiązać quiz!

Ogólne statystyki

  • Ten quiz został rozwiązany 106 razy
  • Średni wynik to 7 z 8

Statystyki odpowiedzi

Odpowiedź% Poprawnych
6.mazowieckie
98%
8.pomorskie
96%
7.kujawsko-pomorskie
94%
2.małopolskie
94%
1.śląskie
89%
5.lubelskie
87%
3.świętokrzyskie
87%
4.podkarpackie
86%

Rozkład punktacji

Percentyl według liczby udzielonych odpowiedzi

Procent ludzi z każdym wynikiem

Twoja historia wyników

Nie rozwiązałeś tego quizu